000 00402nam a2200157Ia 4500
008 230711s9999||||xx |||||||||||||| ||und||
041 _aENG
082 _a621.319
_bPA-H
100 _aPadiyar,K.R
245 0 _aHVDC power transmission systems
250 _a2nd . Ed.
260 _c2012
_aNew Delhi
_bNew Age International Publishers
300 _a402
650 _aElectrical Engineering
942 _cBK
999 _c5106
_d5106